Normal view
MARC view
Entry Personal Name
001 - CONTROL NUMBER
- control field: 12749
003 - CONTROL NUMBER IDENTIFIER
- control field: PK-LaUMT
005 - DATE AND TIME OF LATEST TRANSACTION
- control field: 20260611130103.0
008 - FIXED-LENGTH DATA ELEMENTS
- fixed length control field: 260611|| aca||aabn | a|a d
040 ## - CATALOGING SOURCE
- Original cataloging agency: PK-LaUMT
- Transcribing agency: PK-LaUMT
100 ## - HEADING--PERSONAL NAME
- Personal name: Madhusudhan, H S
670 ## - SOURCE DATA FOUND
- Source citation: Work cat.: (PK-LaUMT)141138: Artificial intelligence and cloud computing applications in biomedical engineering /, 2026
